Statistics for Groups of Things - Moons #QCCSpace

Click here to take the quiz!

General Stats

  • This quiz has been taken 23 times
  • The average score is 25 of 37

Answer Stats

HintAnswer% Correct
Phases of the Moon{Full} Moon
94%
Galilean MoonsIo
94%
Biggest MoonsIo
94%
Countries or Organizations that have landed on the MoonUnited States
94%
Countries or Organizations that have landed on the MoonEuropean Union
88%
Astronauts aboard Apollo 11Neil Armstrong
88%
Countries or Organizations that have landed on the MoonSoviet Union
88%
Astronauts aboard Apollo 11Buzz Aldrin
82%
Biggest MoonsCallisto
82%
Galilean MoonsCallisto
82%
Countries or Organizations that have landed on the MoonChina
82%
Galilean MoonsEuropa
82%
Biggest MoonsEuropa
82%
Biggest MoonsGanymede
82%
Galilean MoonsGanymede
82%
Biggest MoonsTitan
82%
Biggest MoonsMoon
76%
Moons of MarsPhobos
76%
Moons of MarsDeimos
71%
Planets and Dwarf Planets with no MoonMercury
71%
Phases of the Moon{New} Moon
71%
Planets and Dwarf Planets with no MoonVenus
71%
Countries or Organizations that have landed on the MoonIndia
65%
Countries or Organizations that have landed on the MoonJapan
65%
Biggest MoonsTriton
65%
Phases of the Moon{Waning} {Crescent} Moon
59%
Phases of the Moon{Waxing} {Crescent} Moon
59%
Planets and Dwarf Planets with no MoonCeres
53%
Phases of the Moon{Waning} {Gibbous} Moon
47%
Phases of the Moon{Waxing} {Gibbous} Moon
47%
Phases of the Moon{First} {Quarter} Moon
41%
Astronauts aboard Apollo 11Michael Collins
41%
Phases of the Moon{Third} {Quarter} Moon
41%
Biggest MoonsTitania
35%
Biggest MoonsOberon
29%
Biggest MoonsRhea
29%
Countries or Organizations that have landed on the MoonLuxembourg
12%

Score Distribution

Percentile by Number Answered

Percent of People with Each Score

Your Score History

You have not taken this quiz